000 00472nam a2200169Ia 4500
008 230917s9999||||xx |||||||||||||| ||und||
020 _cRS995
040 _e230090
_aMAIN
041 _aEnglish
082 _a370 S23P
100 _aSharma, S N
245 0 _aPhilosophical and sociological foundation of education
260 _aNew Delhi
_bKanishka Publishers
_c1995
300 _avi, 344 p.
500 _a2241 04/01/2016 HBD15/1248 04/01/2016 Main Budget
942 _cBK
999 _c17209
_d17209